Inventors - First Names Quiz Stats

 Plays Quiz Updated Jul 28, 2017

     
Support Sporcle.
Go Orange.
Score 0/34 Timer 04:00
0 Plays Today
Invention/Discovery First Name % Correct
E=mc2Albert
95%
PhonographThomas
93.2%
TelephoneAlexander
89.8%
BifocalsBenjamin
88.4%
Assembly lineHenry
87.9%
Steel plowJohn
85.9%
PasteurizationLouis
85.3%
DynamiteAlfred
84.2%
Reflecting telescopeIsaac
82.2%
Alternating currentNikola
79.6%
FlightWilbur & Orville
77.7%
Aqua-lung scuba setJacques-Yves
76.6%
Cotton ginEli
70.3%
Steam engineJames
70.1%
Polio vaccineJonas
66.8%
Electric guitarLes
65.7%
Printing pressJohannes
61.2%
Invention/Discovery First Name % Correct
TelegraphSamuel
61%
Genetic traitsGregor
53.6%
SteamboatRobert
50.4%
Roll filmGeorge
49.2%
Adding machineBlaise
47.8%
Mechanical computerCharles
43.9%
World Wide WebTim
42.8%
Smallpox vaccineEdward
42.7%
Periodic tableDmitri
41.9%
HelicopterIgor
39.4%
Blood circulationWilliam
39.1%
DNA double helixFrancis
30.2%
Sewing machineElias
28.1%
X-raysWilhelm
22.7%
RadioGuglielmo
21.3%
MicroscopeAntonie
14.4%
Television technologyVladimir
13.7%

From the Vault

40 'On' Movies

by rockgolf

Movies 6m
These movies have got it going on.
Remove Ads.
Support Sporcle.
Get the best of Sporcle when you Go Orange. This ad-free experience offers more features, more stats, and more fun while also helping to support Sporcle. Thank you for becoming a member.

Show Comments

Extras

Top Quizzes Today


Score Distribution

Your Account Isn't Verified!

In order to create a playlist on Sporcle, you need to verify the email address you used during registration. Go to your Sporcle Settings to finish the process.

Report this User

Report this user for behavior that violates our Community Guidelines.

Details: